000 00416nam a2200133Ia 4500
008 100328s9999 xx 000 0 und d
082 _b52133
100 _aकदम माधव
245 _aअसा हा सिंधुदूर्ग
260 _bयुनिक
630 _aअसा हा सिंधुदूर्ग
730 _aअसा हा सिंधुदूर्ग
942 _cBOOK
999 _c538994
_d538991